Catálogo

OCDE estudio territorial : (Registro nro. 41600)

Detalles MARC
000 -LEADER
fixed length control field 01422cam a2200349 i 4500
001 - CONTROL NUMBER
control field 41600
003 - CONTROL NUMBER IDENTIFIER
control field Mx-PuUPA
005 - DATE AND TIME OF LATEST TRANSACTION
control field 20250429090907.0
008 - FIXED-LENGTH DATA ELEMENTS--GENERAL INFORMATION
fixed length control field 140415s2013 mx bd gr 000 0 spa d
040 ## - CATALOGING SOURCE
Original cataloging agency Mx-PuUPA
Language of cataloging spa
Transcribing agency Mx-PuUPA
Modifying agency Mx-PuUPA
Description conventions rda
041 1# - LANGUAGE CODE
Language code of text/sound track or separate title spa
Language code of original eng
110 2# - MAIN ENTRY--CORPORATE NAME
Corporate name or jurisdiction name as entry element Organisation for Economic Co-operation and Development,
9 (RLIN) 6041
240 1# - UNIFORM TITLE
Uniform title OECD Territorial Reviews : Puebla-Tlaxcala, Mexico 2013.
Language of a work Español
245 10 - TITLE STATEMENT
Title OCDE estudio territorial :
Remainder of title Puebla-Tlaxcala, México 2013 /
Statement of responsibility, etc. OCDE
264 #1 - PRODUCTION, PUBLICATION, DISTRIBUTION, MANUFACTURE, AND COPYRIGHT NOTICE
Place of production, publication, distribution, manufacture México :
Name of producer, publisher, distributor, manufacturer OCDE : Instituto Municipal de Planeación,
Date of production, publication, distribution, manufacture, or copyright notice ©2013
300 ## - PHYSICAL DESCRIPTION
Extent 257 páginas :
Other physical details mapas, gráficas ;
Dimensions 28 cm
336 ## - CONTENT TYPE
Fuente rdacontent
Content type term texto
Content type code txt
337 ## - MEDIA TYPE
Source rdamedia
Media type term sin medio
Media type code n
338 ## - CARRIER TYPE
Source rdacarrier
Carrier type term volumen
Carrier type code nc
650 #7 - SUBJECT ADDED ENTRY--TOPICAL TERM
Source of heading or term armarc
Topical term or geographic name entry element Industrialización
General subdivision
Geographic subdivision Puebla - Tlaxcala
650 #7 - SUBJECT ADDED ENTRY--TOPICAL TERM
Source of heading or term armarc
Topical term or geographic name entry element Centros de productividad industrial
651 #4 - SUBJECT ADDED ENTRY--GEOGRAPHIC NAME
Geographic name México
General subdivision Desarrollo económico
651 #4 - SUBJECT ADDED ENTRY--GEOGRAPHIC NAME
Geographic name Puebla
Geographic subdivision Tlaxcala
General subdivision Crecimiento económico
651 #4 - SUBJECT ADDED ENTRY--GEOGRAPHIC NAME
Geographic name México
General subdivision Desarrollo rural
651 #4 - SUBJECT ADDED ENTRY--GEOGRAPHIC NAME
Geographic name Puebla
Geographic subdivision Tlaxcala
General subdivision Infraestructura (Economía)
765 0# - ORIGINAL LANGUAGE ENTRY
Main entry heading Organisation for Economic Co-operation and Development
Title OECD Territorial Reviews : Puebla-Tlaxcala, Mexico 2013.
942 ## - ADDED ENTRY ELEMENTS (KOHA)
Source of classification or shelving scheme Dewey Decimal Classification
Koha item type Libro
Classification part 338.972
Item part O58
Existencias
Withdrawn status Lost status Source of classification or shelving scheme Damaged status Not for loan Collection code Home library Current library Shelving location Date acquired Source of acquisition Total Checkouts Full call number Barcode Date last seen Price effective from Koha item type
    Dewey Decimal Classification     General Biblioteca Karol Wojtyla Biblioteca Karol Wojtyla Sala general 03/12/2013 Donación   338.972 O58 2013 62739 05/01/2026 03/12/2013 Libro